Foudations of finance The logic and practice of financial management

Enregistré dans:
Détails bibliographiques
Format: Livre
Langue:Undetermined
Publié: New Jersey Pearson Education 2003
Sujets:
Tags: Ajouter un tag
Pas de tags, Soyez le premier à ajouter un tag!
Thư viện lưu trữ: Trung tâm Học liệu Trường Đại học Cần Thơ
LEADER 00513nam a2200181Ia 4500
001 CTU_75019
008 210402s9999 xx 000 0 und d
082 |a 658.15 
082 |b K37 
245 0 |a Foudations of finance 
245 4 |b The logic and practice of financial management 
245 0 |c Arthur J. Keown, [et. al] 
260 |a New Jersey 
260 |b Pearson Education 
260 |c 2003 
650 |a finance,management 
904 |i Vương 
980 |a Trung tâm Học liệu Trường Đại học Cần Thơ